Monarchie w Europie - Statystyki

Ogólne statystyki
  • Ten quiz został rozwiązany 11 943 razy
  • Średni wynik to 11 z 12
Statystyki odpowiedzi
Państwo % Poprawnych
Wielka Brytania
98%
Hiszpania
93%
Szwecja
92%
Norwegia
91%
Dania
87%
Belgia
86%
Andora
84%
Holandia
84%
Liechtenstein
84%
Luksemburg
84%
Monako
84%
Watykan
84%
Nie znaleziono quizów pasujących do podanych kryteriów
Rozkład punktacji
Procent ludzi z każdym wynikiem
Percentyl według liczby udzielonych odpowiedzi
Twoja historia wyników
Nie rozwiązałeś tego quizu